00435nam a2200181Ia 4500008004000000020001800040041000800058082001700066100002200083245003600105260005000141300001000191650001100201650001100212650001200223650001000235650000800245210210b2010 xxu||||| |||| 00| 0 eng d a9789380833132 aeng a361.614 BABH aBABU (Brijesh) Ed aHuman rights and social justice aNew delhibGlobal Research Publicationsc2010 av,296 asocial arights ajustice aHuman aand